<?xml version="1.0" encoding="UTF-8"?>
<record
    xmlns:xsi="http://www.w3.org/2001/XMLSchema-instance"
    xsi:schemaLocation="http://www.loc.gov/MARC21/slim http://www.loc.gov/standards/marcxml/schema/MARC21slim.xsd"
    xmlns="http://www.loc.gov/MARC21/slim">

  <leader>01375nam a22001577a 4500</leader>
  <datafield tag="999" ind1=" " ind2=" ">
    <subfield code="c">516306</subfield>
    <subfield code="d">516306</subfield>
  </datafield>
  <controlfield tag="008">210223b           ||||| |||| 00| 0 eng d</controlfield>
  <datafield tag="100" ind1=" " ind2=" ">
    <subfield code="a">Collins, Stephanie</subfield>
    <subfield code="9">25083</subfield>
  </datafield>
  <datafield tag="245" ind1=" " ind2=" ">
    <subfield code="a">Are organizations' religious exemptions democratically defensible?</subfield>
  </datafield>
  <datafield tag="260" ind1=" " ind2=" ">
    <subfield code="a">Daedalus</subfield>
  </datafield>
  <datafield tag="300" ind1=" " ind2=" ">
    <subfield code="a">149(3), Summer 2020: p.105-118</subfield>
  </datafield>
  <datafield tag="520" ind1=" " ind2=" ">
    <subfield code="a">Theorists of democratic multiculturalism have long defended individuals' religious exemptions from generally applicable laws. Examples include Sikhs being exempt from motorcycle helmet laws, or Jews and Muslims being exempt from humane animal slaughter laws. This essay investigates religious exemptions for organizations. Should organizations ever be granted exemptions from generally applicable laws in democratic societies, where those exemptions are justified by the organization's religion? This essay considers four arguments for such exemptions, which respectively rely on the &#x201C;transferring up&#x201D; to organizations of individuals' claims to autonomy or recognition; organizations' own claims to autonomy or recognition; organizations' status in the accountability community; and organizations' procedural constraints. The essay concludes that only the last argument holds up &#x2013; and then, only with caveats. - Reproduced 
</subfield>
  </datafield>
  <datafield tag="650" ind1=" " ind2=" ">
    <subfield code="a">Multiculturalism, Sikhs, </subfield>
    <subfield code="9">25084</subfield>
  </datafield>
  <datafield tag="773" ind1=" " ind2=" ">
    <subfield code="a">Daedalus  </subfield>
  </datafield>
  <datafield tag="906" ind1=" " ind2=" ">
    <subfield code="a">RELIGION</subfield>
  </datafield>
  <datafield tag="942" ind1=" " ind2=" ">
    <subfield code="c">AR</subfield>
  </datafield>
  <datafield tag="952" ind1=" " ind2=" ">
    <subfield code="0">0</subfield>
    <subfield code="1">0</subfield>
    <subfield code="2">ddc</subfield>
    <subfield code="4">0</subfield>
    <subfield code="7">0</subfield>
    <subfield code="9">390398</subfield>
    <subfield code="a">IIPA</subfield>
    <subfield code="b">IIPA</subfield>
    <subfield code="d">2021-02-23</subfield>
    <subfield code="h">149(3), Summer 2020: p.105-118</subfield>
    <subfield code="p">AR124390</subfield>
    <subfield code="r">2021-02-23</subfield>
    <subfield code="y">AR</subfield>
  </datafield>
</record>
